000 00570nam a22002057a 4500
999 _c1177
_d1177
003 OSt
005 20210430154405.0
008 150320b xxu||||| |||| 00| 0 eng d
020 _a0443062528
040 _cdlc
082 _aWL704 T314p 2003
100 _aEdited by Patrick, D. Wall; Ronald, Melzack
_914143
245 _aTextbook of Pain
250 _a4th ed.
260 _aLondon:
_bChurchill Livingstone;
_c2003.
300 _axii, 1588 p:
_bill;
_c27 cm
504 _aincludes bibliographical references and index.
650 _aPain
_93167
942 _2z
_cSLOAN